00505nam a22001577a 4500020001800000040000900018082001500027100002600042245004700068260004300115300000900158650004600167942001200213999001900225952010300244 a9789693517941 cNUST a910.4bMUH aMuhammad Kazim928289 aMaghrabi Germany Main Aik Baras Safar Nama aLAHOREbSang-E-Meel Publicationsc2006 b320P 2Urdu Travelogue-Germany. Urdu Safarn nama 2ddccBK c585787d585787 00102ddc4070aCEMEbCEMEcGENd2021-07-07l0o910.4 MUHpCEME-50119r2021-07-07w2021-07-07yBK